000
00318nam a22001337a 4500
008
171206b xxu||||| |||| 00| 0 eng d
020
_a
9780135001509
041
_a
eng
080
_2
6 ED
_a
621
100
_a
27
101
_a
IM
245
_a
FEEDBACK CONTROL OF DYNAMIC SYSTEMS
_c
FRANKLIN.G.F
942
_2
udc
_c
BK
999
_c
38793
_d
38793